00359nam a22001217a 4500008004100000020001800041082001500059245010000074250001600174260001000190300001900200700001800219210712b ||||| |||| 00| 0 eng d a9789993671725 a954.98 TOB aBCSE : A book for the preliminary exambeasy solutions to problem solving & data interpretation aedition III c2020. a414 p.c22 cm. aTobgay, Tashi